Statistiken für Farben in 3 Sprachen

Klicken Sie hier um das Quiz zu spielen!

Allgemein

  • Dieses Quiz wurde 117 mal gespielt
    (88 seit der letzten Aktualisierung)
  • Das Durchschnittsergebnis liegt bei 13 aus 18

Antwortstatistiken

Deutsch% Korrekt
gelb
97%
rot
97%
blue
97%
blau
97%
green
96%
grün
96%
red
96%
yellow
95%
orange
86%
violet
57%
verde
55%
violett
52%
azul
47%
rojo
44%
amarillo
35%
naranja/anaranjado
34%
violeta
23%

Verteilung der Resultate

Perzentil nach korrekt beantworteten Fragen

Anzahl Personen mit jedem Resultat

Ihre Resultats-Entwicklung

Sie haben dieses Quiz seit der letzten Aktualisierung nicht gespielt